[Event "GER-ch NSV Online 1st"]
[Site "Playchess.com INT"]
[Date "2020.04.26"]
[Round "5"]
[White "Essmann, Julian"]
[Black "Hoke, Joshua Sky"]
[Result "1-0"]
[WhiteElo "2049"]
[BlackElo "1545"]
[PlyCount "169"]
[EventDate "2020.04.26"]
[EventType "swiss (blitz)"]
[EventRounds "13"]
[EventCountry "GER"]
[SourceTitle "CBM 196 Extra"]
[Source "ChessBase"]
[SourceDate "2020.07.31"]
[SourceVersion "1"]
[SourceVersionDate "2020.07.31"]
[SourceQuality "1"]

1. e4 e5 2. Nf3 Nc6 3. Bc4 Bc5 4. 0-0 Nf6 5. d3 d6 6. c3 Bg4 7. h3 Be6 8. Bb3 Bb6 9. Nbd2 0-0 10. Re1 Ne7 11. Nc4 Ng6 12. a4 c6 13. Nxb6 axb6 14. Bg5 h6 15. Be3 Re8 16. Bc2 d5 17. Qe2 dxe4 18. dxe4 Qc7 19. Red1 Rad8 20. Rxd8 Rxd8 21. Rd1 c5 22. Rd2 Rd7 23. Qd1 Qd8 24. Kf1 Rxd2 25. Qxd2 Qxd2 26. Nxd2 Kf8 27. b4 Nd7 28. Bb3 Ke7 29. g3 Bxh3+ 30. Ke1 Be6 31. Bc2 Kd6 32. f3 Ne7 33. Kf2 f5 34. Nf1 fxe4 35. fxe4 Bc4 36. Nd2 Bf7 37. Nf3 Ke6 38. Ke2 Kd6 39. Nh4 Bh5+ 40. Kd3 Bf7 41. Nf3 c4+ 42. Ke2 g5 43. Kf2 Ng6 44. Bd1 Nf6 45. Nd2 Kc6 46. Be2 b5 47. axb5+ Kxb5 48. Bc5 Nd7 49. Be3 Be6 50. Bh5 Ne7 51. Nf3 Ng8 52. Bc1 Ngf6 53. Bg6 Kc6 54. Nd2 b5 55. Ke3 Ng4+ 56. Kf3 Ngf6 57. Nf1 Nf8 58. Bf5 Kd6 59. Ne3 Bd7 60. Bxd7 Kxd7 61. Nf5 h5 62. Bxg5 Ng4 63. Be3 Ke6 64. Bc5 Nd7 65. Ng7+ Kf7 66. Nxh5 Nxc5 67. bxc5 Nh6 68. g4 Ke7 69. g5 Ng8 70. Kg4 Kd7 71. Ng7 Kc6 72. Ne6 Kd7 73. Kf5 Ne7+ 74. Kxe5 Ng6+ 75. Kd5 Ne7+ 76. Ke5 Ng6+ 77. Kf6 Nh4 78. Nd4 Kc7 79. Nxb5+ Kc6 80. Nd6 Kxc5 81. e5 Kd5 82. Nf7 Nf3 83. g6 Nh4 84. g7 Ng6 85. g8Q 1-0

[Event "Langenhagen Summer op 1st"]
[Site "Langenhagen"]
[Date "2019.07.04"]
[Round "2"]
[White "Essmann, Julian"]
[Black "Schmidt Klie, Lasse"]
[Result "1-0"]
[WhiteElo "2057"]
[BlackElo "1906"]
[PlyCount "29"]
[EventDate "2019.07.04"]
[EventType "swiss"]
[EventRounds "7"]
[EventCountry "GER"]
[SourceTitle "EXT 2020"]
[Source "ChessBase"]
[SourceDate "2019.10.17"]
[SourceVersion "1"]
[SourceVersionDate "2019.10.17"]
[SourceQuality "1"]

1. e4 e6 2. d4 d5 3. Nd2 dxe4 4. Nxe4 Bd7 5. c4 Bc6 6. Nc3 b6 7. Nf3 Nf6 8. Be2 Be7 9. 0-0 0-0 10. Ne5 Bb7 11. Bf3 c6 12. Bf4 Nfd7 13. Nd3 Qc8 14. Re1 Bb4 15. Nxb4 1-0

[Event "Langenhagen Summer op 1st"]
[Site "Langenhagen"]
[Date "2019.07.04"]
[Round "1"]
[White "Ovsejevitsch, Sergei"]
[Black "Essmann, Julian"]
[Result "1-0"]
[WhiteElo "2590"]
[BlackElo "2057"]
[PlyCount "53"]
[EventDate "2019.07.04"]
[EventType "swiss"]
[EventRounds "7"]
[EventCountry "GER"]
[SourceTitle "EXT 2020"]
[Source "ChessBase"]
[SourceDate "2019.10.17"]
[SourceVersion "1"]
[SourceVersionDate "2019.10.17"]
[SourceQuality "1"]

1. d4 Nf6 2. c4 c5 3. d5 b5 4. Nf3 g6 5. cxb5 a6 6. e3 Bg7 7. Nc3 0-0 8. a4 Bb7 9. Bc4 e6 10. dxe6 fxe6 11. Qd6 axb5 12. Bxb5 Ne4 13. Nxe4 Bxe4 14. Qg3 Bxf3 15. gxf3 Qf6 16. Rb1 d5 17. 0-0 Qf5 18. e4 Qxf3 19. Qxf3 Rxf3 20. exd5 exd5 21. Be3 c4 22. Rfd1 Rf5 23. Rxd5 Rxd5 24. Bxc4 Rxa4 25. Bxd5+ Kh8 26. Rc1 Be5 27. Bh6 1-0

[Event "Niedersachsen-ch op A"]
[Site "Verden"]
[Date "2018.01.06"]
[Round "6"]
[White "Essmann, Julian"]
[Black "Meiwes, Thore"]
[Result "1/2-1/2"]
[WhiteElo "1978"]
[BlackElo "1689"]
[PlyCount "177"]
[EventDate "2018.01.04"]
[EventType "swiss"]
[EventRounds "7"]
[EventCountry "GER"]
[SourceTitle "EXT 2022"]
[Source "ChessBase"]
[SourceDate "2021.10.06"]
[SourceVersion "1"]
[SourceVersionDate "2021.10.06"]
[SourceQuality "1"]

1. e4 g6 2. d4 Bg7 3. Nc3 c5 4. Nf3 Qa5 5. Be3 Nf6 6. Qd2 Nc6 7. Be2 cxd4 8. Nxd4 0-0 9. Nb3 Qc7 10. Bh6 a6 11. h4 d6 12. h5 e6 13. 0-0-0 Rd8 14. g4 b5 15. Bxg7 Kxg7 16. hxg6 fxg6 17. Qh6+ Kg8 18. g5 Ne8 19. Rd3 Ra7 20. Kb1 b4 21. Nd1 a5 22. Bg4 Ne5 23. Rg3 Nxg4 24. Rxg4 e5 25. Rg3 a4 26. Nd2 Be6 27. Rf3 Qg7 28. Qxg7+ Kxg7 29. Rd3 Rf7 30. f3 Rc8 31. Ne3 Rfc7 32. Rd1 h5 33. gxh6+ Kxh6 34. b3 axb3 35. cxb3 Rc3 36. Ndc4 Rxd3 37. Rxd3 Rc6 38. Rd1 Kg5 39. Rg1+ Kf6 40. Rd1 Kg5 41. Rg1+ Kf6 42. Ng4+ Ke7 43. Nce3 Rc3 44. Rc1 Rxc1+ 45. Kxc1 Nc7 46. Nf2 Kf6 47. Kd2 Kg5 48. Nd3 Na6 49. Ke2 Kh4 50. Nc2 Kg3 51. Ke3 Bh3 52. Ndxb4 Nxb4 53. Nxb4 Bg2 54. a4 Bxf3 55. Nc6 Bg4 56. Ne7 Bd7 57. a5 Bb5 58. Nxg6 Kg4 59. Nh8 Kg5 60. Nf7+ Kf6 61. Nxd6 Bf1 62. Nc4 Bh3 63. Ke2 Bc8 64. Kd2 Ke6 65. Kc3 Bb7 66. Kd3 Ba6 67. b4 Bb5 68. Kc3 Bc6 69. Nd2 Bb5 70. Nb3 Kd6 71. Nc5 Kc6 72. Kb3 Kd6 73. Na4 Bd3 74. Nc3 Kc6 75. Ka3 Kd6 76. Ka4 Kc6 77. b5+ Kc5 78. a6 Kb6 79. Nd5+ Ka7 80. Nf6 Kb6 81. Nd7+ Kc7 82. Nxe5 Bxe4 83. Ka5 Bd5 84. Kb4 Bg2 85. Kc5 Be4 86. Nc6 Kd7 87. a7 Bxc6 88. bxc6+ Kc7 89. a8Q 1/2-1/2

[Event "Niedersachsen-ch op"]
[Site "Verden"]
[Date "2016.01.06"]
[Round "7"]
[White "Steffens, Olaf"]
[Black "Essmann, Julian"]
[Result "1-0"]
[WhiteElo "2303"]
[BlackElo "1960"]
[PlyCount "83"]
[EventDate "2016.01.03"]
[EventType "swiss"]
[EventRounds "7"]
[EventCountry "GER"]
[SourceTitle "EXT 2018"]
[Source "ChessBase"]
[SourceDate "2017.10.13"]
[SourceVersion "1"]
[SourceVersionDate "2017.10.13"]
[SourceQuality "1"]

1. b4 c6 2. e3 d5 3. Bb2 Nf6 4. c4 Bg4 5. Nf3 e6 6. b5 Bd6 7. Nc3 0-0 8. h3 Bxf3 9. gxf3 Nbd7 10. Rg1 dxc4 11. bxc6 Ne5 12. cxb7 Rb8 13. f4 Nd3+ 14. Bxd3 cxd3 15. Ne4 Be7 16. Qb3 Kh8 17. Rb1 Rg8 18. Ng5 Rf8 19. Be5 h6 20. Bxb8 Qxb8 21. Nf3 Bd6 22. Qxd3 Qc7 23. Nd4 Bc5 24. Qc4 Rb8 25. Ke2 Nd7 26. Rb5 Rxb7 27. Rxb7 Qxb7 28. Nb3 Bb6 29. f3 Nf6 30. Rc1 Qe7 31. a4 Nd5 32. a5 Bc7 33. Qc5 Qh4 34. Qf8+ Kh7 35. Qxf7 Qxh3 36. Rxc7 Qg2+ 37. Kd3 Nxc7 38. Qxc7 a6 39. Qf7 Qxf3 40. Qxe6 h5 41. Qe4+ Qxe4+ 42. Kxe4 1-0

[Event "Niedersachsen-ch op"]
[Site "Verden"]
[Date "2016.01.03"]
[Round "2"]
[White "Nogatz, Falco"]
[Black "Essmann, Julian"]
[Result "0-1"]
[WhiteElo "1798"]
[BlackElo "1960"]
[PlyCount "122"]
[EventDate "2016.01.03"]
[EventType "swiss"]
[EventRounds "7"]
[EventCountry "GER"]
[SourceTitle "EXT 2018"]
[Source "ChessBase"]
[SourceDate "2017.10.13"]
[SourceVersion "1"]
[SourceVersionDate "2017.10.13"]
[SourceQuality "1"]

1. f4 e5 2. fxe5 d6 3. exd6 Bxd6 4. Nf3 g5 5. g3 g4 6. Nh4 Nc6 7. c3 Nge7 8. d4 Ng6 9. Nxg6 hxg6 10. Qd3 Qe7 11. Bg2 Bd7 12. Nd2 0-0-0 13. Ne4 Rh5 14. Nxd6+ cxd6 15. Be3 Bf5 16. Qd2 Be4 17. Bxe4 Qxe4 18. 0-0-0 Rdh8 19. Rhf1 Qe8 20. Bg1 f5 21. Qf4 d5 22. Qd6 Ne7 23. Rd3 Qd7 24. Qc5+ Kb8 25. Re3 Nc6 26. Kb1 Rc8 27. Qb5 Rh7 28. Rc1 Qd6 29. Rf1 Rhc7 30. Rd3 Qe6 31. Re3 Qf7 32. Rd3 a6 33. Qa4 Re7 34. Be3 Qf6 35. Qb3 Qf7 36. Bf4+ Ka8 37. Qd1 Rce8 38. Rf2 Qf6 39. Qd2 Rh7 40. Bg5 Qh8 41. Bh4 Rh5 42. Re3 Rg8 43. Be7 Nxe7 44. Rxe7 Rxh2 45. Qf4 Rh7 46. Rxh7 Qxh7 47. Qd6 Qh1+ 48. Kc2 Qe4+ 49. Kb3 g5 50. Qe5 Qxe5 51. dxe5 f4 52. gxf4 g3 53. Rf1 gxf4 54. c4 g2 55. Rg1 Rg3+ 56. Kb4 d4 57. e6 d3 58. e7 Re3 59. Rxg2 dxe2 60. Rg8+ Ka7 61. e8Q e1Q+ 0-1

[Event "Daehne Cup Region 14/15 III"]
[Site "Isernhagen"]
[Date "2015.06.20"]
[Round "2"]
[White "Ernst, Holger"]
[Black "Essmann, Julian"]
[Result "0-1"]
[WhiteElo "1474"]
[BlackElo "1974"]
[PlyCount "32"]
[EventDate "2015.06.20"]
[EventType "k.o."]
[EventRounds "5"]
[EventCountry "GER"]
[SourceTitle "EXT 2022"]
[Source "ChessBase"]
[SourceDate "2021.10.06"]
[SourceVersion "1"]
[SourceVersionDate "2021.10.06"]
[SourceQuality "1"]

1. e4 e5 2. Nf3 Nc6 3. Bb5 a6 4. Ba4 Nf6 5. 0-0 b5 6. Bb3 Be7 7. Re1 0-0 8. c3 d5 9. exd5 Nxd5 10. d4 exd4 11. Nxd4 Nxd4 12. Bxd5 Qxd5 13. Rxe7 Bb7 14. f3 Qc5 15. Re3 Nf5 16. b4 Nxe3 0-1

[Event "Daehne Cup Region VI"]
[Site "Isernhagen"]
[Date "2012.06.15"]
[Round "1"]
[White "Essmann, Julian"]
[Black "Schoettker, Tim"]
[Result "1-0"]
[WhiteElo "1849"]
[BlackElo "1024"]
[PlyCount "48"]
[EventDate "2012.06.15"]
[EventType "k.o."]
[EventCountry "GER"]
[SourceTitle "EXT 2022"]
[Source "ChessBase"]
[SourceDate "2021.10.06"]
[SourceVersion "1"]
[SourceVersionDate "2021.10.06"]
[SourceQuality "1"]

1. e4 e6 2. d4 d5 3. e5 c5 4. c3 Nd7 5. Bd3 Ne7 6. Ne2 c4 7. Bc2 b5 8. 0-0 Ng6 9. f4 Nh4 10. f5 exf5 11. Nf4 Bb7 12. e6 fxe6 13. Nxe6 Qc8 14. Qh5+ Ng6 15. Bxf5 Ke7 16. Bg5+ Nf6 17. Re1 Kd6 18. Bxf6 gxf6 19. Bxg6 h6 20. Bf5 Qe8 21. Qh4 Rg8 22. Nc5 Qf7 23. Be6 Qg6 24. Bxg8 Qxg8 1-0

[Event "Hannover-ch U16"]
[Site "Lehrte"]
[Date "2008.10.13"]
[Round "5"]
[White "Krause, Maximilian"]
[Black "Essmann, Julian"]
[Result "1-0"]
[WhiteElo "1557"]
[BlackElo "1337"]
[PlyCount "67"]
[EventDate "2008.10.11"]
[EventType "swiss"]
[EventRounds "7"]
[EventCountry "GER"]
[SourceTitle "EXT 2021"]
[Source "ChessBase"]
[SourceDate "2020.10.23"]
[SourceVersion "1"]
[SourceVersionDate "2020.10.23"]
[SourceQuality "1"]

1. d4 d5 2. c4 dxc4 3. e3 e6 4. Bxc4 Nf6 5. Nf3 c5 6. 0-0 cxd4 7. Nxd4 Bd6 8. Nb5 Be7 9. Qxd8+ Bxd8 10. Nd6+ Kd7 11. Rd1 Nd5 12. Nxf7 Rf8 13. Nxd8 Kxd8 14. e4 Kc7 15. exd5 exd5 16. Bxd5 Na6 17. Nc3 Bf5 18. Nb5+ Kb6 19. a4 Bc2 20. Be3+ Ka5 21. Rdc1 Nb4 22. Bd2 Rad8 23. Rxc2 Rxd5 24. Bxb4+ Kxb4 25. Rac1 Rfd8 26. h3 a6 27. Rc4+ Kb3 28. R1c3+ Ka2 29. Nc7 Rd1+ 30. Kh2 Kxb2 31. Rf3 R8d7 32. Ne6 h6 33. Nc5 b5 34. axb5 1-0

[Event "Niedersachsen-chT U16"]
[Site "Stade"]
[Date "2007.05.19"]
[Round "6.4"]
[White "Essmann, Julian"]
[Black "Baars, Lasse"]
[Result "0-1"]
[WhiteElo "1050"]
[BlackElo "1000"]
[PlyCount "74"]
[EventDate "2007.05.17"]
[EventType "team-tourn"]
[EventRounds "7"]
[EventCountry "GER"]
[SourceTitle "EXT 2008"]
[Source "ChessBase"]
[SourceDate "2007.11.25"]
[SourceVersion "1"]
[SourceVersionDate "2007.11.25"]
[SourceQuality "1"]

1. c4 e5 2. Nc3 Nf6 3. Nf3 Nc6 4. d3 Bb4 5. Bd2 0-0 6. e4 d6 7. a3 Ba5 8. b4 Bb6 9. Bg5 Be6 10. Be2 Nd4 11. 0-0 c6 12. h3 Nxf3+ 13. Bxf3 Bd4 14. Rc1 h6 15. Bh4 a6 16. a4 Qe7 17. b5 Rfd8 18. bxc6 bxc6 19. Ne2 Ba7 20. Ng3 g5 21. Nf5 Bxf5 22. exf5 gxh4 23. Bxc6 Rac8 24. Bf3 Kh7 25. Rb1 Rd7 26. Rb7 Rdc7 27. Rxc7 Qxc7 28. Qc1 Qd7 29. Qa3 Qxf5 30. Rb1 e4 31. dxe4 Nxe4 32. Qd3 Bxf2+ 33. Kf1 Ng3+ 34. Kxf2 Qxd3 35. Re1 Rb8 36. Re2 Qd4+ 37. Ke1 Rb1# 0-1

[Event "Niedersachsen-chT U16"]
[Site "Stade"]
[Date "2007.05.17"]
[Round "2.4"]
[White "Essmann, Julian"]
[Black "Bermann, Yvo"]
[Result "1-0"]
[WhiteElo "1050"]
[BlackElo "1057"]
[PlyCount "67"]
[EventDate "2007.05.17"]
[EventType "team-tourn"]
[EventRounds "7"]
[EventCountry "GER"]
[SourceTitle "EXT 2008"]
[Source "ChessBase"]
[SourceDate "2007.11.25"]
[SourceVersion "1"]
[SourceVersionDate "2007.11.25"]
[SourceQuality "1"]

1. e4 e5 2. Nf3 Nc6 3. Bc4 Nf6 4. Nc3 Bc5 5. Bb5 d6 6. h3 Bd7 7. 0-0 a6 8. Bxc6 Bxc6 9. d3 h6 10. Qe2 Qe7 11. Be3 Bxe3 12. Qxe3 d5 13. exd5 Nxd5 14. Qxe5 Rd8 15. Rfe1 Qxe5 16. Nxe5 Kf8 17. Nxc6 bxc6 18. Ne4 f5 19. Nc5 Kf7 20. Nxa6 Ra8 21. Nc5 Rhe8 22. Rxe8 Rxe8 23. a4 Re2 24. c4 Nb4 25. b3 Re5 26. d4 Re2 27. a5 Rd2 28. a6 Nxa6 29. Rxa6 Rxd4 30. Rxc6 Rd1+ 31. Kh2 Re1 32. Rxc7+ Kf6 33. b4 Rb1 34. b5 1-0